Ο Πατούχας
Αποθηκεύτηκε σε:
| Κύριοι συγγραφείς: | , |
|---|---|
| Μορφή: | Βιβλίο |
| Γλώσσα: | Greek |
| Δημοσίευση: |
Αθήνα :
Παπαδόπουλος,
2001.
|
| Σειρά: | Τα ελληνικά (Παπαδόπουλος)
|
| Θέματα: | |
| Ετικέτες: |
Προσθήκη ετικέτας
Δεν υπάρχουν, Καταχωρήστε ετικέτα πρώτοι!
|
MARC
| LEADER | 00000cam a2200000 i 4500 | ||
|---|---|---|---|
| 001 | 1/28801 | ||
| 008 | 021112s2001 gr | ||| |||| ||gre|| | ||
| 020 | |a 9604120743 | ||
| 035 | |l 10068681 | ||
| 040 | |a GR-MY-UA |b gre |e aacr | ||
| 041 | 0 | |a gre | |
| 082 | 7 | |a 808.899282 |2 (22) | |
| 100 | 1 | |a Κονδυλάκης, Ιωάννης Δ., |d 1861-1920. | |
| 245 | 1 | 2 | |a Ο Πατούχας / |c Ιωάννης Κονδυλάκης ; εικονογράφηση: Σβετλίν ; απόδοση: Κώστας Πούλος. |
| 260 | |a Αθήνα : |b Παπαδόπουλος, |c 2001. | ||
| 300 | |a 26 σ. ; |c 18 εκ. | ||
| 490 | 1 | |a (Τα ελληνικά / Παπαδόπουλος) | |
| 650 | 0 | 0 | |a Children's literature. |
| 650 | 0 | 0 | |a Children's literature |x Adaptations. |
| 655 | 7 | |a Fairy tales |2 lcgft | |
| 700 | 1 | |a Πούλος, Κώστας, |e adp | |
| 830 | 0 | |a Τα ελληνικά (Παπαδόπουλος) | |
| 852 | |a INST |b RHODES |e 20021112 |h 808.899282 ΚΟΝ |p 005400016035 |q 005400016035 |t BK |y 0 | ||
| 901 | |a BIBL4-2003-1 | ||
| 909 | |a Ρ |b 101512 | ||
| 922 | |a 4ΕΛΗ |b 200210 |c ΒΙΒΛΙΟΘΗΚΗ |d ΔΕΝΤΡΟ | ||
| 950 | |a 094-2002-10-05 | ||
| 970 | |a ΚΟΥΛΑΚΙΟΤΗ |b ΛΙΤΣΑ |z 2003/01/14 | ||